Word chain - Canada - Statistics

General Stats
  • This quiz has been taken 22 times
  • The average score is 6 of 15
Answer Stats
Hint Answer % Correct
Captial of Canada Ottawa
100%
Capital city of Alberta Edmonton
90%
French capital city Quebec
90%
1988 winter olympics were held here Calgary
85%
Shares a name with the capital of England London
80%
Capital of the Northwest Territories Yellowknife
70%
Shares it name with a popular dessert Nanaimo
35%
City north of Montreal Laval
25%
City famous for its mining industry, particularly nickel Sudbury
25%
Shares its name with a cleaning product Ajax
10%
Not Ottawa Nottawa
10%
One of the oldest European settlements in North America Annapolis Royal
5%
Home to the scenic Niagara Escarpment Hamilton
5%
Site of a horseshoe shaped water feature Niagra Falls
5%
A key player in the seafood industry Yarmouth
5%
No matching quizzes found
Score Distribution
Percent of People with Each Score
Percentile by Number Answered
Your Score History
You have not taken this quiz